Women's basketball.

Saved in:
Bibliographic Details
Main Author: Stutts, Ann
Format: Book
Language:English
Published: Pacific Palisades, Calif., Goodyear Pub. Co. [1969]
Series:Goodyear physical activities series.
Subjects:
LEADER 00867nam a2200253 4500
001 c000382920
003 CARM
005 00000000000000.0
008 690905s1969 caua b 00000 eng
019 1 |a 69850664  |5 LACONCORD2021 
035 |a (OCoLC)12896  |5 LACONCORD2021 
040 |a VDU  |c VDU 
050 0 0 |a GV886  |b .S8 
082 0 4 |a 796.3238 
100 1 |a Stutts, Ann. 
245 1 |a Women's basketball. 
260 |a Pacific Palisades, Calif.,  |b Goodyear Pub. Co.  |c [1969] 
300 |a 80 p.  |b illus.  |c 23 cm. 
490 0 |a Goodyear physical activities series. 
504 |a Bibliography: p. 80. 
650 0 |a Basketball for women. 
852 8 |b CARM  |h A3:AB18G0  |i A05539  |p 0479722  |f BK 
999 f f |i 5c4d3be6-e4f4-514f-bfe9-788f21ccfbe2  |s bfec9b14-3034-5a5c-b245-5e55786ef0b1 
952 f f |p Can circulate  |a CAVAL  |b CAVAL  |c CAVAL  |d CARM 1 Store  |e A05539  |f A3:AB18G0  |h Other scheme  |i book  |m 0479722